[Event "WchT 4th"]
[Site "Luzern"]
[Date "1997.10.28"]
[Round "4.3"]
[White "Romanishin, Oleg M"]
[Black "Minasian, Artashes"]
[Result "1/2-1/2"]
[WhiteElo "2550"]
[BlackElo "2545"]
[Annotator "Hansen,LB"]
[PlyCount "37"]
[EventDate "1997.10.25"]
[EventType "team-tourn"]
[EventRounds "9"]
[EventCountry "SUI"]
[SourceTitle "CBM 062"]
[Source "ChessBase"]
[SourceDate "1998.01.31"]
[SourceVersion "1"]
[SourceVersionDate "1998.01.31"]
[SourceQuality "1"]
[WhiteTeam "Ukraine"]
[BlackTeam "Armenia"]
[WhiteTeamCountry "UKR"]
[BlackTeamCountry "ARM"]

1. Nf3 Nf6 2. c4 c5 3. g3 d5 4. cxd5 Nxd5 5. Bg2 Nc6 6. Nc3 Nc7 {The solid
Rubinstein Defence.} 7. Qa4 $5 {Romanishin's pet line.} Bd7 (7... Qd7) 8. Qe4 {
The point. On e4 the queen supports ideas like d2-d4 or Ne5.} e6 (8... Ne6 9.
e3 g6 10. d4 cxd4 11. exd4 Bg7 12. Be3 f5 13. Qd5 Nc7 14. Qb3 Na5 15. Qb4 Nc6
16. Qb3 Na5 17. Qb4 Nc6 18. Qb3 Na5 19. Qd1 Nc4 20. O-O Bc6 21. Bg5 Ne6 22. Qe2
Qd7 23. d5 Bxd5 24. Nxd5 Qxd5 25. Rfe1 Qe4 26. Qf1 Nd6 27. Rxe4 fxe4 28. Bh3
Nc5 29. Be3 Nd3 30. Ng5 {1-0 Romanishin,O-Tal,M/URS-ch44 1976/URS-ch}) (8... f6
9. d4 cxd4 10. Nxd4 e5 11. Nb3 f5 12. Qe3 Bd6 13. O-O Qe7 14. Rd1 Be6 15. Qg5
O-O-O 16. Qxe7 Bxe7 17. Be3 Kb8 18. Bxc6 bxc6 19. Na5 Rd6 20. Rxd6 Bxd6 21.
Nxc6+ Kb7 22. Na5+ Ka6 23. Rd1 Bb4 24. Nc6 Bxc3 25. bxc3 Nd5 26. Nxe5 Rc8 27.
Bd4 Ka5 28. c4 Nb4 29. Bxa7 Nc6 30. Rd6 Nxe5 31. Rxe6 Nxc4 32. Re7 {1-0
Pigusov,E-Yudasin,L/URS-chT 1990/TD 90\02}) (8... g6 9. Ne5 $1 Bg7 10. Nxd7
Qxd7 11. O-O O-O 12. a3 Rac8 13. Rb1 Ne6 14. b4 $14 {Romanishin,O-Pinter,J/
Malgrad de Mar/1977/}) 9. O-O f5 $5 $146 {A new and interesting idea.} (9...
Be7 10. d4 (10. Rd1 f5 11. Qe3 Nb4 12. Rb1 Nbd5 13. Nxd5 Nxd5 14. Qb3 Qc7 15.
d3 Rc8 16. Ng5 Bxg5 17. Bxg5 Kf7 18. e4 fxe4 19. dxe4 Nb6 20. Rd2 c4 21. Qf3+
Kg6 22. Be3 h6 23. Rbd1 Rhd8 24. Bf4 Qc5 {Schuh,H-Holfelder,H/BL8081 1981/BL
80/1/2-1/2 (56)}) 10... O-O (10... cxd4 11. Nxd4 O-O 12. Rd1 Qc8 13. Be3 Ne8
14. Rac1 Nf6 15. Qf4 Bd8 16. Nxc6 Bxc6 17. Nb5 Bb6 18. Nd6 Qb8 19. Bxb6 axb6
20. Bxc6 bxc6 21. Rxc6 Rxa2 22. Qd4 h6 23. Rdc1 Ra8 24. Nc8 Kh7 25. Qd3+ g6 26.
Nxb6 Ra7 27. Qd4 Kg7 28. Rd6 Re8 29. f4 Kh7 30. Rd1 {1-0 Kortschnoj,V-Flohr,S/
URS-ch21 1954/URS-ch}) 11. Be3 cxd4 12. Nxd4 Nb4 13. Rfd1 Nbd5 14. Nxd5 Nxd5
15. Nf5 Bc6 16. Nxe7+ Qxe7 {1/2-1/2 Emma,J-Redolfi,A/Mar del Plata 1959/MCL 08}
) 10. Qf4 Bc8 $1 {/\ Bd6} 11. d3 (11. e4 $5) 11... Bd6 12. Qc4 O-O 13. Bf4 Kh8
14. Bxd6 Qxd6 15. Rac1 (15. Qh4 $5 {/\ Ng5;Nd2-c4}) 15... b6 16. Rfd1 Ba6 17.
Qh4 e5 18. a3 Rae8 19. Qh5 $13 1/2-1/2

[Event "EU-Cup 01st final play-off"]
[Site "Solingen"]
[Date "1976.05.10"]
[Round "4.3"]
[White "O'Kelly de Galway, Alberic"]
[Black "Palatnik, Semon"]
[Result "1/2-1/2"]
[WhiteElo "2445"]
[BlackElo "2480"]
[Annotator "Hecht,H"]
[PlyCount "43"]
[EventDate "1976.05.08"]
[EventType "team-match"]
[EventRounds "3"]
[EventCountry "GER"]
[SourceTitle "MCD"]
[Source "ChessBase"]
[SourceDate "1999.07.01"]
[SourceVersion "1"]
[SourceVersionDate "1999.07.01"]
[SourceQuality "1"]
[WhiteTeam "Solingen SG"]
[BlackTeam "Burevestnik"]
[WhiteTeamCountry "GER"]
[BlackTeamCountry "URS"]

{Mit der scharfen Eröffnung seines Gegners hatte O'Kelly seine Sorgen.
Wahrscheinlich spielte er etwas zu schematisch und schablonenhaft und kam bald
in eine Stellung, die eher Palatnik Chancen bot. Der Remisschluß war an die
Partien an Brett 2 und 3 gekoppelt.} 1. c4 Nf6 2. Nc3 c5 3. Nf3 d5 4. cxd5 Nxd5
5. e4 Nb4 6. Bc4 Be6 {[#]} 7. Bxe6 Nd3+ 8. Kf1 fxe6 9. Ne1 Nc6 10. Nxd3 Qxd3+
11. Qe2 Qd7 12. d3 O-O-O 13. Be3 b6 14. Rd1 g6 15. a3 Bg7 16. g3 Nd4 17. Bxd4
Bxd4 18. Kg2 h5 19. h4 Rhf8 20. Rhf1 Rg8 21. Rh1 Rdf8 22. Rdf1 1/2-1/2

[Event "Mitropa Cup 19th"]
[Site "Baden"]
[Date "1999.04.08"]
[Round "7"]
[White "Borgo, Giulio"]
[Black "Weiss, Christian"]
[Result "1-0"]
[WhiteElo "2448"]
[BlackElo "2444"]
[Annotator "Hecht,H"]
[PlyCount "105"]
[EventDate "1999.04.01"]
[EventType "team-tourn"]
[EventRounds "9"]
[EventCountry "SUI"]
[SourceTitle "CBM 071"]
[Source "ChessBase"]
[SourceDate "1999.08.01"]
[SourceVersion "1"]
[SourceVersionDate "1999.08.01"]
[SourceQuality "1"]

1. e4 c5 2. Nf3 e6 3. c4 Nc6 4. Nc3 Nf6 5. Be2 Qc7 6. d4 cxd4 7. Nxd4 Nxd4 8.
Qxd4 Bc5 9. Qd3 b6 10. O-O O-O 11. a3 Ba6 12. b3 Rad8 13. Bf3 Qe5 14. Ra2 Nh5
15. Ne2 b5 16. Qc3 Qxc3 17. Nxc3 bxc4 18. b4 Bd4 19. Ne2 Bf6 20. Bxh5 d5 21. f4
dxe4 22. Ng3 Bd4+ 23. Kh1 c3 24. Be2 Bd3 25. f5 Bb1 26. Bc4 Bxa2 27. Bxa2 Be5
28. Nxe4 exf5 29. Nc5 g6 30. Bb3 Bd4 31. Bg5 Rde8 32. Nd7 Re2 33. Nxf8 Kxf8 34.
Bh6+ Ke7 35. Rc1 Rb2 36. Bc2 Kf6 37. h4 Be5 38. Be3 a6 39. Kg1 f4 40. Bf2 f3
41. g3 h5 42. Kf1 Ra2 43. a4 Rb2 44. Be1 g5 45. Bd1 g4 46. Rxc3 Rh2 47. Bxf3
gxf3 48. Rxf3+ Ke6 {[#] Origineller Turmfang bzw. Generalabtausch über Umwege
führt zu einem gewonnenen Bauernendspiel.} 49. Bf2 Rh1+ 50. Bg1 Bd4 51. Rf2 Kd7
(51... Kd5 52. Kg2 Bxf2 53. Kxf2 Kc4 54. Kg2 Rxg1+ 55. Kxg1 f5 (55... Kxb4 56.
g4 $18) 56. b5 axb5 57. axb5 Kxb5 58. Kf2 Kc4 59. Ke3 Kd5 60. Kf4 Ke6 61. Kg5
$18) 52. Kg2 Bxf2 53. Kxf2 (53. Kxf2 Kc6 54. Kg2 Rxg1+ 55. Kxg1 Kd5 56. Kg2 Kc4
57. b5 axb5 58. axb5 Kxb5 59. g4 Kc5 60. gxh5 $18) 1-0

[Event "Poikovsky Karpov 02nd"]
[Site "Poikovsky"]
[Date "2001.05.09"]
[Round "9"]
[White "Zvjaginsev, Vadim"]
[Black "Obodchuk, Andrei"]
[Result "1-0"]
[WhiteElo "2627"]
[BlackElo "2419"]
[Annotator "Hecht,H"]
[PlyCount "113"]
[EventDate "2001.05.05"]
[EventType "tourn"]
[EventRounds "9"]
[EventCountry "RUS"]
[EventCategory "15"]
[SourceTitle "CBM 084"]
[Source "ChessBase"]
[SourceDate "2001.09.13"]
[SourceVersion "1"]
[SourceVersionDate "2001.09.13"]
[SourceQuality "1"]

1. c4 Nf6 2. Nc3 c5 3. Nf3 Nc6 4. e3 e5 5. Be2 d5 6. cxd5 Nxd5 7. O-O Nxc3 8.
dxc3 Qc7 9. e4 Be7 10. Nd2 Be6 11. Nc4 Rd8 12. Qc2 O-O 13. Ne3 g6 14. Bc4 Bxc4
15. Nxc4 Bf6 16. a4 Rd7 17. Be3 Na5 18. Nxa5 Qxa5 19. Rfd1 Rfd8 20. Rxd7 Rxd7
21. Rd1 Rxd1+ 22. Qxd1 Qc7 23. Qd5 {[#] Themen: Guter gegen schlechter Läufer;
Aktive weiße Dame.} Be7 24. g3 a6 25. b3 Kg7 26. Kg2 Bd6 27. Kf3 b5 28. c4 bxa4
29. bxa4 Be7 30. Kg2 Qd6 31. Bd2 Qc7 (31... Qxd5 $142 32. cxd5 f5 33. f3 Kf6
34. Kf2 c4 {was die schwarzen Probleme reduziert.}) 32. Bc3 f6 (32... Bf6 33.
h4 h5 34. f3 {stellt eine dem Zugzwang ähnliche Situation her} Kh7 35. f4 Bg7
36. Bxe5 Bxe5 37. fxe5 $16 (37. Qxe5 Qxe5 38. fxe5 $11)) 33. Bd2 Qd8 34. Be3
Qd6 (34... Qxd5 $142 {noch einmal}) 35. Qa8 Qe6 36. Qe8 Qd6 37. h4 f5 $5 (37...
h5 $142 38. Bh6+ Kh7 39. Be3 Kg7) 38. Bc1 fxe4 39. Be3 Qf6 40. Qd7 Qf3+ $6 (
40... Qd6 41. Qb7 $14) 41. Kh2 Kf8 {Die Hergabe des Ba6 ist tödlich.} (41...
Qf7 $142 42. Qc7 $16 {[%csl Ra6,Rc5,Re4,Re5]}) 42. Qc8+ Kf7 43. Qxa6 $18 g5 44.
Qh6 gxh4 45. Qxh7+ Ke6 46. Qg6+ Kd7 47. gxh4 Bxh4 48. Qh7+ Be7 49. Qh3+ {
Der klarere Weg als a5} Qxh3+ 50. Kxh3 Kd6 51. Kg3 Bd8 52. Kg4 Ba5 53. Kf5 Bc3
54. Kxe4 Ba5 55. Bh6 Ke6 56. Bg7 Bc7 57. f3 1-0

[Event "RUS-Cup01 Chigorin Memorial"]
[Site "St Petersburg"]
[Date "1997.11.06"]
[Round "6"]
[White "Lerner, Konstantin Z"]
[Black "Romanovich, Leonid"]
[Result "1-0"]
[WhiteElo "2560"]
[BlackElo "2350"]
[Annotator "Hecht,H"]
[PlyCount "115"]
[EventDate "1997.11.01"]
[EventType "swiss"]
[EventRounds "9"]
[EventCountry "RUS"]
[SourceTitle "CBM 062"]
[Source "ChessBase"]
[SourceDate "1998.01.31"]
[SourceVersion "1"]
[SourceVersionDate "1998.01.31"]
[SourceQuality "1"]

1. Nf3 c5 2. c4 Nf6 3. Nc3 d5 4. cxd5 Nxd5 5. e3 Nxc3 6. bxc3 g6 7. h4 h5 8.
Bc4 e6 9. d4 Bg7 10. e4 O-O 11. O-O Qa5 12. Bd2 Nc6 13. e5 Ne7 14. Rb1 Qc7 15.
Bd3 b6 16. Be4 Bb7 17. Bxb7 Qxb7 18. dxc5 Qc7 19. cxb6 axb6 20. Qb3 Rfc8 21.
Rfe1 Nd5 22. Nd4 Qc4 23. Qxc4 Rxc4 24. Rb2 Bf8 25. Nb5 Ba3 26. Nxa3 Rxa3 27. g3
Rca4 28. Ra1 Kg7 29. Kf1 Nxc3 30. Rxb6 Ne4 31. Rb2 Rf3 32. Bf4 Rfa3 33. Rc2 Rc3
34. Rxc3 Nxc3 35. a3 Kf8 36. Be3 Ke8 37. Bc5 Kd7 38. Bb4 Nd5 39. Bd6 Nb6 40.
Rb1 Kc6 41. Rb3 Nc4 42. Rc3 Kd5 43. Rd3+ Kc6 44. Rd4 Kb5 45. Ke2 Ra5 46. Rf4
Nxd6 47. exd6 {[#] Demonstration der von hinten gedeckten Freibauern.} Ra7 48.
Rd4 Rd7 49. f4 Kc5 50. Kd3 f6 51. Kc3 Kb5 52. a4+ Kc5 53. Rd1 e5 54. fxe5 fxe5
55. a5 e4 56. Ra1 Ra7 57. a6 Kxd6 58. Kd4 (58. Kd4 e3 59. Kxe3 Ke5 60. Ra5+ Ke6
61. Kd4 Kd6 62. Ra1 Kc7 (62... Ke6 63. Kc5) 63. Ke5 Kb8 64. Kf6 Rd7 65. Kxg6
Rd3 66. Kxh5 Rxg3 67. a7+ Ka8 68. Kh6 $18) 1-0

[Event "Interpolis-01"]
[Site "Tilburg"]
[Date "1977.10.01"]
[Round "7"]
[White "Huebner, Robert"]
[Black "Karpov, Anatoly"]
[Result "0-1"]
[WhiteElo "2600"]
[BlackElo "2690"]
[Annotator "Huebner,R"]
[PlyCount "98"]
[EventDate "1977.09.23"]
[EventType "tourn"]
[EventRounds "11"]
[EventCountry "NED"]
[EventCategory "14"]
[SourceTitle "MCL"]
[Source "ChessBase"]
[SourceDate "1999.07.01"]
[SourceVersion "1"]
[SourceVersionDate "1999.07.01"]
[SourceQuality "1"]

1. c4 {Karpov} c5 2. Nf3 Nf6 3. Nc3 d5 4. cxd5 Nxd5 5. g3 g6 6. d3 Bg7 7. Bd2
b6 8. Qa4+ Bd7 9. Qh4 Bc6 10. Bg2 e6 11. Qxd8+ Kxd8 12. Rc1 Na6 13. Nxd5 Bxd5
14. Bc3 {Indem er den Tausch anbietet, hofft Weiß, die Chancen auszugleichen
und remis zu erzielen, aber ich strebte nach einem anderen Resultat. Karpov} f6
15. a3 $6 (15. O-O $142 {[%cal Yf3d2] /\16.Sd2}) 15... Ke7 16. O-O Rhc8 17. Nd2
Nc7 {Allmählich kristallisiert sich der positionelle Vorteil des Schwarzen
heraus. ... Karpov Ich kann diesen Vorteil nicht entdecken.... Hübner} 18. b4
$4 (18. Nc4 $10 Nb5 (18... Bxg2 19. Kxg2 Nd5 20. a4 {Es ist weit und breit
keine ernsthafte Gefahr für Weiß erkennbar.} (20. Bd2)) 19. a4 Nxc3 20. bxc3 {
Mit der Drohung durch 21.Ld5 ed 22.Se3 nebst 23.c4 in Vorteil zu kommen.})
18... Bxg2 19. Kxg2 cxb4 20. Bxb4+ (20. axb4 Nd5 $17) 20... Kd7 {Weiß hat nun
erreicht, daß 1.Seine Leichtfiguren auf ungünstigen Stellungen stehen. 2.
Schwarz auf der c-Linie bessere Chancen hat. 3.Schwarz einen entfernten
Freibauern bilden kann. 4.Der weiße a-Bauer schwach ist.} 21. Bc3 Nd5 22. Bb2
Bh6 23. e3 Bxe3 24. fxe3 Nxe3+ 25. Kf3 Nxf1 26. Nxf1 Rxc1 27. Bxc1 Rc8 28. Bb2
Rc2 29. Bxf6 Ra2 30. Ke3 Rxa3 31. Nd2 b5 32. Ne4 b4 33. Kd4 a5 34. Kc4 Ra2 35.
h4 Kc6 36. Bd4 Re2 37. Be5 Re1 38. Bf6 Rb1 39. Be7 e5 40. g4 Rc1+ 41. Kb3 Kd5
42. Bg5 Rb1+ 43. Kc2 Rh1 44. Kb3 Rh3 45. Nf6+ Kd4 46. Nxh7 Rxd3+ 47. Kc2 a4 48.
Be7 Rc3+ 49. Kb1 Rc7 0-1

[Event "Ubeda"]
[Site "Ubeda"]
[Date "1997.02.08"]
[Round "2"]
[White "Illescas Cordoba, Miguel"]
[Black "Timman, Jan H"]
[Result "1/2-1/2"]
[WhiteElo "2635"]
[BlackElo "2630"]
[Annotator "Illescas Cordoba,M"]
[PlyCount "84"]
[EventDate "1997.02.07"]
[EventType "tourn"]
[EventRounds "11"]
[EventCountry "ESP"]
[EventCategory "16"]
[SourceTitle "CBM 058"]
[Source "ChessBase"]
[SourceDate "1997.06.01"]
[SourceVersion "1"]
[SourceVersionDate "1997.06.01"]
[SourceQuality "1"]

1. Nf3 Nf6 2. c4 c5 3. Nc3 Nc6 4. g3 d5 5. cxd5 Nxd5 6. Bg2 g6 7. d3 $5 (7. O-O
) 7... Bg7 8. Bd2 O-O 9. Qc1 b6 $6 (9... Nxc3 10. bxc3 (10. Bxc3 Nd4 $11) 10...
c4 $5 $13) 10. Bh6 $1 Bb7 11. h4 $1 Nxc3 $1 12. Bxg7 (12. bxc3 f6 $1 $11) 12...
Kxg7 13. Qxc3+ f6 (13... Kg8 14. h5 Nd4 15. hxg6 hxg6 (15... fxg6 $2 16. Nxd4
Bxg2 17. Ne6) 16. Rh4 Bxf3 17. Bxf3 Nxf3+ 18. exf3 f6 19. O-O-O $40) 14. Ng5
Qd6 (14... Qd7 $5 15. Bh3 Qd5 16. e4 Qd6 17. Ne6+ Kg8 18. Nxf8 Rxf8 $14) 15. h5
$36 Rh8 16. h6+ $2 (16. Rh4 $14) 16... Kf8 17. Rh4 Rb8 (17... e5 $5 18. Ne4 Qe6
19. Nxf6 $2 g5 $17) 18. Bxc6 $5 Bxc6 19. Rc1 e5 20. Ne4 Qe7 21. Nxf6 $5 (21. a3
$11) 21... g5 $1 (21... Qxf6 $4 22. Rf4) 22. Ng4 $1 gxh4 23. Nxe5 Re8 $8 24.
Ng6+ hxg6 25. Qxh8+ Kf7 26. Qg7+ Ke6 27. Qxg6+ Kd7 28. Qg4+ Qe6 29. Rc4 $1 hxg3
30. fxg3 Bd5 31. Rf4 Re7 (31... Bxa2 $6 32. Rf7+) 32. Qxe6+ Kxe6 33. g4 Rf7 (
33... Rh7 $142 34. g5 Bxa2 35. e4 $132) 34. Rf5 $1 $11 Rh7 (34... Rxf5 35.
gxf5+ Kf6 36. e4 Bxa2 (36... Bg8 37. Kd2 Kg5 38. a3 Kxh6 39. b4 $11) 37. e5+
Kf7 38. Kd2 Kg8 $1 (38... a5 $2 39. Ke3 b5 40. d4 cxd4+ 41. Kxd4 $18) 39. Kc3 (
39. Ke3 $5 Kh7 40. Kf4 Kxh6 41. e6) 39... Bd5 40. d4 $11) 35. e4 Bxa2 36. g5
Ke7 37. Kd2 Rh8 38. Ke3 Bg8 {(/\Bh7-Rg8)} 39. Rf6 Ba2 (39... Be6 40. Kf4) 40.
Rc6 (40. Kf4 Bb1) 40... Kd7 41. Rf6 (41. Rg6 Rh7) 41... Ke7 42. Rc6 Kd7 1/2-1/2

[Event "Horgen"]
[Site "Horgen"]
[Date "1995.10.21"]
[Round "1"]
[White "Jussupow, Artur"]
[Black "Lautier, Joel"]
[Result "1/2-1/2"]
[WhiteElo "2680"]
[BlackElo "2645"]
[Annotator "Jussupow,A"]
[PlyCount "63"]
[EventDate "1995.10.??"]
[EventType "tourn"]
[EventRounds "11"]
[EventCountry "SUI"]
[EventCategory "17"]
[SourceTitle "CBM 050"]
[Source "ChessBase"]
[SourceDate "1996.02.01"]
[SourceVersion "1"]
[SourceVersionDate "1996.02.01"]
[SourceQuality "1"]

1. Nf3 {Botvinnik Ribli} c5 2. c4 Nf6 3. g3 d5 4. cxd5 Nxd5 5. Bg2 Nc6 6. Nc3
Nc7 7. b3 {A rare attempt.} (7. Qa4 Bd7 $1 8. Qe4 {Botvinnik was afraid of
this idea by geller, but a recent practice proved, that Black is O.K.} g6 9.
Ne5 Bg7 10. Nxd7 Qxd7 11. d3 (11. a3 Rc8 12. Rb1 Ne6 13. O-O O-O 14. b4 b6 15.
Qd5 (15. Nd5 Ned4 $1 $36 {-Hansen-Korchnoi/Antwerpen/1993/-58/(57) and
Smejkal-Sokolov,A/Novi Sad/ol/ 1984/-38/62}) 15... Rfd8 16. Qa2 cxb4 17. axb4
Ned4 $132 {Wojtkiewicz-Smejkal/Polanica Zdroj/1991/CBM26}) 11... Rc8 12. O-O (
12. Be3 Ne6 13. Qd5 $5) 12... O-O 13. Be3 Ne6 14. Qd5 Qxd5 15. Bxd5 Ned4 16.
Rab1 Rfd8 $10 {Alterman-Shmuter/Rishon le Sion/1995/CBM46}) (7. O-O e5 8. d3 {
The main line of this sistem.} (8. Ne1 {/\Nd3,Bc6} Bg4 $1 {A very important
idea after Ne1.} 9. Nc2 (9. Nd3 $2 Qxd3 $17 {Taimanov}) 9... Qd7 10. Ne3 Bh3
11. Bxh3 Qxh3 12. Qb3 Qd7 $15 {Flesh-Portisch/Ungarn/1975}) (8. b3 Be7 (8...
Bg4 $5 9. Ne1 Qd7 10. Nd3 f6 $13 {Dunnington-Mikhalchishin/Groningen/op/1992/
-50/49} (10... Qxd3 $5)) 9. Ne1 (9. Bb2 {Already 50years ago Botvinnik showed,
that this line isn't dangerous for Black} O-O 10. Rc1 {/\Ne4,Na4} f6 11. Ne1 (
11. Na4 b6 12. Nh4 Nd5 $1 $10 {Taimanov-Korchnoi/USSR/ch/1954}) 11... Bf5 $5
12. Na4 Na6 13. Nc2 (13. Ba3 Qa5 14. Nc2 Rfd8 15. Ne3 Be6 $15 {
Kirillov-Botvinnik/USSR/ch/1931}) 13... Qd7 14. Ne3 Be6 (14... Bh3 $5 15. Bd5+
$140 Kh8 16. Re1 Ncb4 $17 {Botvinnik}) 15. d3 Nd4 16. Qd2 Rad8 17. Nc3 Nb4 {
Goldberg-Botvinnik/USSR/ch/1945 Botvinnik thought that in this structure
White's only plan is to prepare f2-f4} 18. f4 $1 $10 Nxa2 $140 19. Nxa2 Nxb3
20. Qd1 Nxc1 21. Nxc1 {Botvinnik}) 9... Bg4 $5 (9... O-O 10. Ba3 Nb4 11. Bb2 {
Sokolov,I-Lautier/Barcelona/1992}) 10. Nc2 O-O (10... Qd7 $5) 11. Ne3 Be6 $10 {
Black won a beautiful game -Fioramonti-Schlosser/Horgen/B/1994/CBM43.}) 8...
Be7 9. Nd2 Bd7 10. Nc4 O-O {10...f6 is a solid alternative, but after this
pawn sacrifice Black gets a very good compensation.} 11. Bxc6 (11. a4 {
Gulko-Yudasin/Sevilla/1992}) 11... Bxc6 12. Nxe5 Be8 13. Be3 Ne6 14. Qb3 Bd6
15. f4 Bxe5 16. fxe5 Bc6 17. Nb5 Bxb5 18. Qxb5 {1/2-1/2/Psakhis-Ehlvest/
Tilburg/1992}) 7... e5 8. Ba3 $146 {Ribli: Mit dieser Neuerung will Weiss sein
Spiel gegen den c5-Bauern vorbereiten.} (8. Bb2 {Ribli} Be7 9. Rc1 Ne6 10. O-O
O-O 11. Ne1 Bd7 12. Nd3 b6 13. Nd5 Bd6 14. f4 exf4 15. gxf4 Rc8 16. e3 f6 $10 {
Speelman,J-Sax,G/Plovdiv/1983/INF35,(65)/}) 8... Be7 9. O-O {Now the game
transposes to 7.0-0 e5 8.b3 Be7 9.Ba3} (9. Na4 $5 {Only independent attempt.}
b6 $1 (9... Ne6 $2 10. Rc1 b6 11. Nxe5 $16) (9... b5 10. Nxc5 b4 11. Nh4 Qd6
12. Ne4 Qd7 13. Rc1 $16) 10. Nh4 Qd6 (10... Bd7 11. Nf5 O-O $10) 11. Nb2 Bd7
$13) 9... Bg4 $5 (9... b6 $5 10. Ne1 (10. Nh4 $5 Qd6 11. e3 $13) 10... Bb7 $10)
10. Ne1 (10. h3 Be6 $15 {/\Qd7}) (10. d3 Qd7 $15) (10. Rc1 $5 {Ribli}) 10...
Qd7 $5 {Dieser Zug hat zwei Sinne: 1.Schwarz deckt den g4-Laeufer (nach f4,ef4
Rf4). 2.Er will noch spaeter eintscheiden, wohin er rochieren wird.} (10... Ne6
11. Nc2 (11. h3 $5) 11... Ned4 12. Ne3 Be6 13. Nc4 $36 {/\e3}) 11. Nd3 {
Droht /\ einfach Nc5 oder Bc6 mit Ne5.} Qxd3 $8 12. exd3 (12. f3 $4 Qa6 $1 $19
{Lautier}) 12... Bxd1 13. Rfxd1 O-O-O {As a compensation for a bad pawn's
structure White has a strong pressure on a Queen's side. Ribli: Schwarz hat
die Eroeffnungsprobleme zufriedenstellend geloest.} 14. Rac1 $5 (14. Bxc6 bxc6
15. Na4 Ne6 (15... Rxd3 16. Bxc5) 16. Rac1 Rd5 $15 (16... Rxd3 17. Bxc5 Nxc5
18. Nxc5 Rd4 (18... Rd5 19. Ne4 f5 20. Nc3 Rd3 21. Kf1 $13) 19. Kf1 $10)) 14...
Rxd3 (14... Nd4 15. Re1 f6 16. f4 $36) (14... Ne6 15. Nd5 $5 {/\b4}) (14... Na6
15. Na4 $36) (14... Nb4 $2 15. Bxb4 cxb4 16. Nb5 Bd6 17. Rxc7+ Bxc7 18. Rc1 Rd7
19. Bh3 $18) 15. Na4 (15. Ne4) 15... Rhd8 $10 16. Bxc5 Bxc5 (16... Rxd2 17.
Rxd2 Rxd2 18. Bxc6 Bxc5 19. Bxb7+ Kxb7 20. Nxc5+ Kb6 (20... Kb8 21. a4 $14) 21.
Na4+ $10) 17. Nxc5 Rxd2 18. Bh3+ (18. Rxd2 $6 Rxd2 19. Nxb7 Nd4 $17) 18... Ne6
$8 (18... Kb8 $4 19. Nd7+ $18) 19. Re1 $1 (19. Rxd2 Rxd2 20. Nxe6 (20. Bxe6+ {
Ribli} fxe6 21. Nxe6 Rxa2 22. Nxg7 Rb2 $132) 20... fxe6 21. Bxe6+ Kc7 22. a4
Kd6 $15) 19... Kb8 (19... Rxa2 $140 20. Nxe6 fxe6 21. Rxe5 Kb8 22. Rxe6 Nd4
$140 23. Rd6 $3) 20. Bxe6 fxe6 21. Na6+ $1 (21. Nxe6 R8d3 $36 (21... R8d6 {
Ribli} 22. Nxg7 Rf6 23. Rf1 Nd4 $36)) 21... Ka8 (21... bxa6 22. Rxc6 Rf8 (22...
Rxa2 23. Rxe5 $10) 23. Rf1 (23. Rxe6 Rfxf2 24. R1xe5 Rg2+ 25. Kf1 Rxh2 26. Re8+
Kc7 27. R8e7+ Rd7 28. Rxd7+ Kxd7 29. Rg5 $1 $10) 23... Rxa2 24. Rxe6 $10) 22.
Nc7+ Kb8 23. Na6+ {Remis ?} Kc8 {Noch nicht!} 24. Nb4 R8d6 25. a4 (25. Rxe5 $4
{Ribli} Rd1+ $19) 25... Rb2 (25... Kd7 26. Nxc6 Rxc6 27. Rxc6 Kxc6 28. Rxe5 Kd6
29. Rb5 b6 30. Kg2 $10) 26. Rc3 {/\Nd3} Rdd2 $1 $10 27. Nxc6 bxc6 28. Rxe5 (28.
Rf3 Rd5 29. Rf7 Rd7 30. Rf3 $10) 28... Rxf2 29. Rxc6+ Kd7 30. Rcxe6 Rg2+ 31.
Kf1 Rxh2 32. Re7+ 1/2-1/2